000 00521nam a2200205Ia 4500
005 20250923150201.0
008 008 250917s9999 xx 000 0 eng d
037 _aTextual
040 _aDSWL
_beng
_cDSWL
041 _aeng
_2eng
084 _qDSWL
100 _aMalik, P L
_9843142
245 0 _aIndustrial Law 2V
_cby P L Malik
260 _aLucknow
_bEBC Publications India
_c2004
300 _a1571p.
365 _aINR
_b1590 . 0
925 _g1590 . 0
942 _cTEXL
999 _c1460521
_d1460521